| 000 | 00000nam 2200000zi 4500 |
| 001 | 9.933481 |
| 003 | CaOODSP |
| 005 | 20240205144927 |
| 006 | m o d f |
| 007 | cr mn||||||||| |
| 008 | 240205s2023 quc o f000 0 eng d |
| 040 | |aCaOODSP|beng|erda|cCaOODSP |
| 043 | |an-cn--- |
| 045 | |ay2y2 |
| 086 | 1 |aEn4-600/2023-1E-PDF |
| 245 | 00|aAt a glance - audit of ECCC risk management practices. |
| 264 | 1|a[Gatineau, Quebec] : |bEnvironment and Climate Change Canada = Environnement et changement climatique Canada, |c[2023] |
| 300 | |a1 online resource (3 pages) |
| 336 | |atext|btxt|2rdacontent |
| 337 | |acomputer|bc|2rdamedia |
| 338 | |aonline resource|bcr|2rdacarrier |
| 500 | |aIssued also in French under title: Regard sur l'audit - audit des pratiques de gestion des risques d'ECCC. |
| 610 | 10|aCanada. |bEnvironment and Climate Change Canada|xAuditing. |
| 650 | 0|aRisk management|zCanada|xAuditing. |
| 710 | 1 |aCanada. |bEnvironment and Climate Change Canada. |bAudit and Evaluation Branch, |eissuing body. |
| 775 | 08|tRegard sur l'audit - audit des pratiques de gestion des risques d'ECCC.|w(CaOODSP)9.933482 |
| 856 | 40|qPDF|s474 KB|uhttps://publications.gc.ca/collections/collection_2024/eccc/en4/En4-600-2023-1-eng.pdf |
| 856 | 4 |qHTML|sN/A|uhttps://www.canada.ca/en/environment-climate-change/corporate/transparency/priorities-management/internal-audits/risk-management-practices/at-a-glance.html |